000 00672nam a2200181 i 4500
001 29507
003 ES-MaACL
005 20230906154039.0
007 t|
008 030122s1973 sp ||||1| spa d
100 1 _aBarceló Rico-Avello, Gabriel.
_925522
245 1 0 _aModelos de comportamiento directivo en la empresa española /
_cGabriel Barceló Rico-Avello ; prólogo: Bernardino Herrero Nieto.
260 _aMadrid :
_bAsociación para el Progreso de la Dirección,
_c[1973]
300 _a178 p. ;
_c23 cm.
700 1 _aHerrero Nieto, Bernardino.
_963336
710 2 _aAsociación para el Progreso de la Dirección.
_91775
852 _aES-MaACL
_jC-55595
_bR.88375
999 _c29507
_d29507